| 000 | 00000nam 2200000zi 4500 |
| 001 | 9.947138 |
| 003 | CaOODSP |
| 005 | 20250121091710 |
| 006 | m o d f |
| 007 | cr bn||||||||| |
| 008 | 250120t19961996oncad obfu f000 0 eng d |
| 020 | |z0660166798 |
| 040 | |aCaOODSP|beng|erda|cCaOODSP |
| 043 | |an-cn--- |
| 086 | 1 |aNR36-1/1995-3E-PDF |
| 245 | 00|aUser's Guide - NBC 1995 : |bFire Protection, Occupant Safety and Accessibility (Part 3) / |cissued by the Canadian Commission on Building and Fire Codes. |
| 246 | 13|aUser's guide - National Building Code of Canada 1995 : |bFire Protection, Occupant Safety and Accessibility (Part 3) |
| 250 | |aFirst edition 1996. |
| 264 | 1|aOttawa : |bNational Research Council of Canada, |c1996. |
| 264 | 4|c©1996 |
| 300 | |a1 online resource (vi, 211 pages) : |billustrations, graphs |
| 336 | |atext|btxt|2rdacontent |
| 337 | |acomputer|bc|2rdamedia |
| 338 | |aonline resource|bcr|2rdacarrier |
| 500 | |aCover title. |
| 500 | |aThe ISBN (0660166798) for the print edition has been copied in this electronic publication. |
| 500 | |aIssued also in French under title: Guide de l'utilisateur - CNB 1995 : Protection contre l'incendie, sécurité des occupants et accessibilité (partie 3). |
| 504 | |aIncludes bibliographical references (pages 175-177). |
| 520 | |a"This User's Guide to the requirements in Part 3 of the National Building Code of Canada (NBC) explains the intent of these requirements and will help the reader understand the background and the reasons for many of the more complex requirements. The Guide not only applies to new construction but includes commentaries that will assist in appropriate application of the Code when changes are planned for existing buildings"--Introduction, page v. |
| 650 | 0|aBuilding laws|zCanada. |
| 650 | 0|aBuildings|xStandards|zCanada. |
| 650 | 0|aFire protection engineering|zCanada|vHandbooks, manuals, etc. |
| 655 | 7|aHandbooks and manuals|2lcgft |
| 710 | 2 |aCanadian Commission on Building and Fire Codes, |eissuing body. |
| 775 | 08|tGuide de l'utilisateur - CNB 1995 : |w(CaOODSP)9.947141 |
| 856 | 40|qPDF|s4.83 MB|uhttps://publications.gc.ca/collections/collection_2025/cnrc-nrc/NR36-1-1995-3-eng.pdf |
| 986 | |a40383 |